00405 a2200157 4500003000400000005001700004008004100021020001800062040000900080082002000089100002700109245004700136250001200183260004200195300001000237OSt20231214091248.0231213b |||||||| |||| 00| 0 eng d a9789355492487 coclc a894.8128bWAR/R aWarrier, Saraswathi S. aRamanasannidhiyil /cSaraswathi S. Warrier a1st ed. aKozhikode:bMathrubhumi Books,c2022. a136p.